Linux Universe : Installation and configuration

Hailed in previous editions for its user-friendliness, this third edition of Linux Universe contains the newest Linux Kernel 2.0.25 on two fully configured CD-ROMs for easy installation. The new edition contains several powerful new features, including Java SDK (binary), Xemacs, Netatalk (Appletalk...

Celý popis

Uloženo v:
Podrobná bibliografie
Hlavní autor: Strobel, Stefan
Médium: Kniha
Jazyk:Undetermined
Vydáno: New York Springer 1997
Témata:
Tagy: Přidat tag
Žádné tagy, Buďte první, kdo otaguje tento záznam!
Thư viện lưu trữ: Trung tâm Học liệu Trường Đại học Cần Thơ
LEADER 00986nam a2200205Ia 4500
001 CTU_232431
008 210402s9999 xx 000 0 und d
082 |a 005.4469 
082 |b S919 
100 |a Strobel, Stefan 
245 0 |a Linux Universe : 
245 0 |b Installation and configuration 
245 0 |c Stefan Strobel, Rainer Maurer, Stefan Middendorf ; Translation by Robert Bach. 
260 |a New York 
260 |b Springer 
260 |c 1997 
520 |a Hailed in previous editions for its user-friendliness, this third edition of Linux Universe contains the newest Linux Kernel 2.0.25 on two fully configured CD-ROMs for easy installation. The new edition contains several powerful new features, including Java SDK (binary), Xemacs, Netatalk (Appletalk connectivity), and IP firewall administration tools. 
650 |a Hệ điều hành (máy tính),Operating systems (Computers) 
910 |b dqhieu 
980 |a Trung tâm Học liệu Trường Đại học Cần Thơ